Právo zamestnanca na ochranu osobných údajov

Pramene právnej úpravy. Komunitárna právna úprava. Slovenská právna úprava. Definovanie základných pojmov. Osobitná kategória osobných údajov. Povinnosti zamestnávateľa.

Saved in:
Bibliographic Details
Main Author: Varga, Peter
Format: Book Chapter
Language:Slovak
Subjects:
Tags: Add Tag
No Tags, Be the first to tag this record!

MARC

LEADER 00000naa$a2200000$$$4500
001 0096241
005 20230908072214.8
041 0 |a slo 
044 |a SK 
245 1 0 |a Právo zamestnanca na ochranu osobných údajov  |c Peter Varga 
520 |a Pramene právnej úpravy. Komunitárna právna úprava. Slovenská právna úprava. Definovanie základných pojmov. Osobitná kategória osobných údajov. Povinnosti zamestnávateľa. 
610 2 0 |a ochrana údajov osobných 
610 2 0 |a zamestnanci 
610 2 0 |a práva ľudské 
610 2 0 |a vzťahy pracovnoprávne 
610 2 0 |a Slovensko 
100 1 |a Varga, Peter